00969nam a2200205 a 450000100100000000500170001000800410002704000230006808200150009111000320010624000180013824501080015626000580026430000270032270000370034995201280038695201130051495201190062799900170074600004472120201002045557.0150107s2012 dr a 000 0 spa d aDO-SdBNPbspaBNPHU axxxxbxxxx1 aRepública Dominicana944710a[Leyes, etc.]13aEl defensor del pueblo :bun vocero para la niñez /ccompilación y adaptación, Marsie González. aSanto Domingo :bSave the Children Dominicana,c2012. a27 p. :bil. ;c18 cm.1 aGonzález, Marsieecomp.972717 001054708DSaGRbGRcCTd2015-01-07iLF1l0oxxxx xxxxp44721-30r2020-06-25te. 3w2020-06-25yLFDSZPréstamo en sala 0010718PDaPDbPDcCTd2015-01-07iLF1l0oxxxx xxxxp44721-10r2020-06-25w2020-06-25yLFPDZNo se presta 0010718PDaPDbPDcCTd2015-01-07iLF1l0oxxxx xxxxp44721-20r2020-06-25te. 2w2020-06-25yLFPDZNo se presta c44210d44210